Statistics for Leaders of Europe in 2023 By Picture

Click here to take the quiz!

General Stats

  • This quiz has been taken 24 times
  • The average score is 5 of 16

Answer Stats

Answer% Correct
Olaf Scholz
100%
Vladimir Putin
100%
Emmanuel Macron
89%
Rishi Sunak
89%
Volodymyr Zelenskyy
79%
Pedro Sanchez
32%
Mark Rutte
21%
Ulf Kristersson
11%
Aleksandar Vučić
5%
Sergio Mattarella
5%
Andrzej Duda
0%
Jakov Milatović
0%
Kersti Kaljulaid
0%
Michael D. Higgins
0%
Petr Pavel
0%
Rumen Radev
0%

Score Distribution

Percentile by Number Answered

Percent of People with Each Score

Your Score History

You have not taken this quiz